Serie de monografías de historia y arte. (Record no. 83890)

MARC details
000 -LEADER
campo de control de longitud fija 01457nam a2200337 i 4500
001 - NÚMERO DE CONTROL
campo de control 83890
003 - IDENTIFICADOR DE NÚMERO DE CONTROL
campo de control ES-MaACL
005 - FECHA Y HORA DE LA ÚLTIMA TRANSACCIÓN
campo de control 20251011063116.0
007 - CAMPO FIJO DE DESCRIPCIÓN FÍSICA--INFORMACIÓN GENERAL
campo de control de longitud fija t|
008 - DATOS DE LONGITUD FIJA--INFORMACIÓN GENERAL
campo de control de longitud fija 041118m19161921sp af |||| |dspa d
080 ## - NÚMERO DE LA CLASIFICACIÓN DECIMAL UNIVERSAL
Número de la Clasificación Decimal Universal 929Enrique(460.18)IV
080 ## - NÚMERO DE LA CLASIFICACIÓN DECIMAL UNIVERSAL
Número de la Clasificación Decimal Universal 94(460.188 S.)"14"
080 ## - NÚMERO DE LA CLASIFICACIÓN DECIMAL UNIVERSAL
Número de la Clasificación Decimal Universal 7.041-055.2
080 ## - NÚMERO DE LA CLASIFICACIÓN DECIMAL UNIVERSAL
Número de la Clasificación Decimal Universal 94(460.351C.)
100 0# - ENTRADA PRINCIPAL--NOMBRE DE PERSONA
Nombre de persona Jaén, Antonio,
Fechas asociadas al nombre 1879-1964
9 (RLIN) 65898
245 10 - MENCIÓN DEL TÍTULO
Título Serie de monografías de historia y arte.
260 ## - PUBLICACIÓN, DISTRIBUCIÓN, ETC.
Lugar de publicación, distribución, etc. Segovia :
Nombre del editor, distribuidor, etc. [s.n.,
Fecha de publicación, distribución, etc. 1916-1921] (
Fabricante Antonio San Martín, imp.)
300 ## - DESCRIPCIÓN FÍSICA
Extensión 3 v. ;
Dimensiones 18 cm.
505 8# - NOTA DE CONTENIDO CON FORMATO
Nota de contenido con formato Contiene: v. 1 ;
Título Segovia y Enrique IV (144 p., 8 h. de lám.) - v. 2 ;
-- Retratos de mujeres: (estudio sintético de la evolución del retrato en la pintura española) (3 h., 199 p., 22 lám.) - v. 3 ;
-- Resumen de historia de la ciudad de Córdoba (206 p., 3 h., 13 lám.)
595 ## -
-- El v. 3 publicado en Córdoba : Imp. Diario de Córdoba, 1921.
600 07 - PUNTO DE ACCESO ADICIONAL DE MATERIA--NOMBRE DE PERSONA
Nombre de persona Enrique,
Numeración IV,
Títulos y otros términos asociados al nombre Rey de Castilla
Fuente del encabezamiento o término
9 (RLIN) 150161
650 #4 - PUNTO DE ACCESO ADICIONAL DE MATERIA--TÉRMINO DE MATERIA
Término de materia o nombre geográfico como elemento de entrada Mujeres-
Subdivisión general En el arte.
9 (RLIN) 146791
650 #4 - PUNTO DE ACCESO ADICIONAL DE MATERIA--TÉRMINO DE MATERIA
Término de materia o nombre geográfico como elemento de entrada Pintura española-
Subdivisión de forma Historia.
9 (RLIN) 16037
651 #4 - PUNTO DE ACCESO ADICIONAL DE MATERIA--NOMBRE GEOGRÁFICO
Nombre geográfico Segovia-
Subdivisión general Historia-
Subdivisión cronológica S.XV.
9 (RLIN) 150162
651 #4 - PUNTO DE ACCESO ADICIONAL DE MATERIA--NOMBRE GEOGRÁFICO
Nombre geográfico Córdoba-
Subdivisión general Historia.
9 (RLIN) 137120
740 0# - ENTRADA AGREGADA--TÍTULO RELACIONADO/ANALÍTICO NO CONTROLADO
Título relacionado o analítico no controlado Segovia y Enrique IV.
740 0# - ENTRADA AGREGADA--TÍTULO RELACIONADO/ANALÍTICO NO CONTROLADO
Título relacionado o analítico no controlado Retratos de mujeres : (estudio sintético de la evolución del retrato en la pintura española)
740 0# - ENTRADA AGREGADA--TÍTULO RELACIONADO/ANALÍTICO NO CONTROLADO
Título relacionado o analítico no controlado Resumen de historia de la ciudad de Córdoba.
852 ## - LOCALIZACIÓN
Ubicación ES-MaACL
Número de control de estantería F-8184-86
Holdings
Estatus retirado Estado de pérdida Estado de daño No para préstamo Biblioteca de origen Biblioteca actual Ubicación en estantería Fecha de adquisición Fuente de adquisición Total de préstamos Signatura topográfica completa Código de barras Visto por última vez Precio de reemplazo Tipo de ítem Koha
        Biblioteca del Ateneo de Madrid Biblioteca del Ateneo de Madrid Sala Pecera Planta 2 17/01/2008     F-8184-86 1087673 23/02/2023 23/02/2023 Libro impreso